Βάλτερ Μπένγιαμιν : εικόνες και μύθοι της νεωτερικότητας
Αποθηκεύτηκε σε:
| Άλλοι συγγραφείς: | |
|---|---|
| Μορφή: | Βιβλίο |
| Γλώσσα: | Greek |
| Δημοσίευση: |
Αθήνα :
Αλεξάνδρεια,
2007
|
| Σειρά: | Φιλοσοφικοί δρόμοι
|
| Θέματα: | |
| Ετικέτες: |
Προσθήκη ετικέτας
Δεν υπάρχουν, Καταχωρήστε ετικέτα πρώτοι!
|
MARC
| LEADER | 00000cam a2200000 i 4500 | ||
|---|---|---|---|
| 001 | 1/92992 | ||
| 008 | 080902s2007 gre d | ||
| 020 | |a 978-960-221-380-3 | ||
| 035 | |l 10099829 | ||
| 040 | |a GR-MY-UA |b gre |e aacr | ||
| 041 | 0 | |a gre | |
| 082 | 0 | |a 193 |2 (22) | |
| 245 | 1 | 0 | |a Βάλτερ Μπένγιαμιν : |b εικόνες και μύθοι της νεωτερικότητας / |c Αγγελική Σπυροπούλου επιμέλεια |
| 260 | |a Αθήνα : |b Αλεξάνδρεια, |c 2007 | ||
| 300 | |a 348 σ.; |c 21 εκ. | ||
| 490 | 1 | |a Φιλοσοφικοί δρόμοι | |
| 504 | |a Περιέχει βιβλιογραφικές παραπομπές και ευρετήριο | ||
| 600 | 1 | 0 | |a Benjamin, Walter, |d 1892-1940. |
| 650 | 0 | 0 | |a Postmodernism. |
| 650 | 0 | 0 | |a Arts, Modern |y 20th century. |
| 650 | 0 | 0 | |a Philosophy, Modern |y 20th century. |
| 700 | 1 | |a Σπυροπούλου, Αγγελική. |4 edt | |
| 830 | 0 | |a Φιλοσοφικοί δρόμοι | |
| 852 | |a INST |b LESVOS |e 20080902 |h 193 ΒΑΛ |p 005100042998 |q 005100042998 |t BK |y 0 | ||
| 852 | |a INST |b LESVOS |e 20081201 |h 193 ΒΑΛ |p 005100043592 |q 005100043592 |t BK |y 0 | ||
| 901 | |a BIBL1-2008-3 | ||
| 909 | |a Λ |b 146130 | ||
| 909 | |a Λ |b 157442 | ||
| 922 | |a 1ΕΛΗ |b 200802 |c ΕΠΕΑΕΚ2/ΤΚΑ |d Σ. ΠΑΤΑΚΗΣ | ||
| 970 | |a ΚΑΡΑ |b ΓΙΑΣΕΜΗ |z 2008/09/02 | ||